| 000 | 00604nam a2200181 a 4500 | ||
|---|---|---|---|
| 005 | 20140412111248.0 | ||
| 008 | 010330s19uu xx 00 eng d | ||
| 020 | _a0-86530-122-0 | ||
| 050 |
_aTR(GS 372.4 _bF776 1987 |
||
| 100 | _aForte, Imogene | ||
| 245 |
_aReading and language arts for the middle grades : _bthe kid's stuff book of / _cby Imogene Forte, Marjorie Frank, Joy MacKenzie. |
||
| 260 |
_aNashville, Tennessee : _bIncentive Publications, Inc, _c1987. |
||
| 300 | _a239 p. | ||
| 440 | _aKid's Stuff | ||
| 650 |
_aReading _xActivities |
||
| 650 |
_aLanguage _xActivities |
||
| 999 |
_c103003 _d103003 |
||